Tools of The Trade: Chef - Statistics

General Stats
  • This quiz has been taken 53 times
  • The average score is 11 of 17
Answer Stats
Picture Answer % Correct
Rolling Pin
96%
Whisk
96%
Cheese Grater
92%
Potato Masher
88%
Tongs
88%
Measuring Spoons
79%
Peeler
73%
Ladle
65%
Egg Slicer
56%
Garlic Press
56%
Mandolin
52%
Sifter
48%
Skewer
48%
Meat Tenderizer
46%
Colander
35%
Skimmer
25%
Pastry Blender
15%
No matching quizzes found
Score Distribution
Percent of People with Each Score
Percentile by Number Answered
Your Score History
You have not taken this quiz